| 000 | 00732nam a2200217Ia 4500 | ||
|---|---|---|---|
| 008 | 191130s1983##################000#0#eng## | ||
| 020 | _a9789061912613 | ||
| 022 | _a83231565 | ||
| 040 |
_aACL _cACL |
||
| 082 | _a016.599728 ROO | ||
| 100 | _aRookmaaker, L. C | ||
| 245 |
_aBibliography of the rhinoceros : an analysis of the literature on the recent rhinoceroses in culture, history, and biology _cby L.C. Rookmaaker |
||
| 250 | _a1st ed | ||
| 260 |
_aRotterdam _bA.A. Balkema, Distributed in USA and Canada by MBS _c1983 |
||
| 300 | _ax, 292 p. : ill. ; 24 cm. | ||
| 500 | _aIncludes index | ||
| 650 | _aRhinoceroses - Bibliography | ||
| 990 | _a8f67c367ac10000c4af47365b31b0ed1 | ||
| 991 | _a201830 | ||
| 999 |
_c115367 _d115367 |
||